Statistics for biologists

Saved in:
書目詳細資料
主要作者: Finney, David John (Author)
格式: 圖書
語言:英语
出版: Londres Chapman and Hall 1980
叢編:Science paperbacks
主題:
標簽: 添加標簽
沒有標簽, 成為第一個標記此記錄!

MARC

LEADER 00000nam a2200000 a 4500
001 UCW1553
003 CL-VaPUC
008 920730e19800000UK |||||||||||||||||eng|d
082 0 4 |a 519.502  |b FIN  |2 21 
100 0 |a Finney, David John  |e author  |9 305580 
245 1 0 |a Statistics for biologists 
300 |a 165 p 
942 |c BK 
945 |d 19920730 00:00:00 
260 |a Londres  |b Chapman and Hall  |c 1980 
650 0 |a Biometría  |9 262306 
583 |a last modification  |c 19920730 00:00:00  |k Rodrigo Vera 
490 0 |a Science paperbacks 
999 |c 216429  |d 216427 
952 |0 0  |1 0  |4 0  |6 519_502000000000000_FIN_1980  |7 0  |8 A  |9 202147  |a BIBGIM  |b BIBGIM  |d 2019-11-14  |i 2692716  |o 519.502 FIN 1980  |p 2692716  |r 2025-01-15  |w 2019-11-14  |y BK  |k EST